| 000 | 01175nac a22002051i 4500 | ||
|---|---|---|---|
| 003 | EG-ScBUE | ||
| 005 | 20231101111236.0 | ||
| 008 | 100930s1963 s af b 000 0 ara d | ||
| 040 |
_aEG-ScBUE _bara _erda _cEG-ScBUE _dEG-ScBUE |
||
| 082 | 0 | 4 |
_a297.14 _bم ج ل _222 |
| 110 | 2 |
_aالمجلس الأعلى لرعاية الفنون والآداب والعلوم الاجتماعية، _eمؤلف. _919998 |
|
| 245 | 1 | 0 |
_aأسبوع الفقه الإسلامي : _bومهرجان الإمام ابن تيمية : دمشق 16-21 من شوال 1380 هـ / _cالمجلس الأعلى لرعاية الفنون والآداب والعلوم الاجتماعية. |
| 264 | 1 |
_aدمشق : _bالمجلس الأعلى لرعاية الفنون والآداب والعلوم الاجتماعية، _c1963. |
|
| 300 |
_a925 صفحة ؛ _c24 سم. |
||
| 490 | 0 |
_aمطبوعات المجلس الأعلى لرعاية الفنون والآداب والعلوم الاجتماعية ؛ _v34 |
|
| 504 | _aيشتمل على إرجاعات ببليوجرافية. | ||
| 650 | 7 |
_aالفقه الإسلامي. _2BUEsh |
|
| 650 | 7 |
_aالشريعة الإسلامية. _2BUEsh |
|
| 942 |
_cBB _2ddc |
||
| 999 |
_c7475 _d7475 |
||